[Event "FRA-chT4 0001"]
[Site "Champagne Ardenne"]
[Date "2001.04.01"]
[Round "7"]
[White "Veillerette, Patrick"]
[Black "Lherbier, Xavier"]
[Result "1/2-1/2"]
[WhiteElo "1850"]
[BlackElo "1930"]
[PlyCount "73"]
[EventDate "2001.10.??"]
[EventType "team"]
[EventRounds "7"]
[EventCountry "FRA"]
[SourceTitle "EXT 2005"]
[Source "ChessBase"]
[SourceDate "2004.11.15"]
[SourceVersion "1"]
[SourceVersionDate "2004.11.15"]
[SourceQuality "1"]

1. e4 d6 2. d4 g6 3. Nc3 Bg7 4. Be3 Nc6 5. Qd2 e5 6. Nge2 f5 7. dxe5 Nxe5 8. Nd4 fxe4 9. Nxe4 Nf6 10. Nxf6+ Qxf6 11. Be2 h6 12. 0-0 Bd7 13. Nb5 Bxb5 14. Bxb5+ c6 15. Be2 Nf7 16. c3 0-0 17. Rfe1 d5 18. Rad1 Nd6 19. Bd3 Rf7 20. Qc2 Nf5 21. Bxf5 Qxf5 22. Qxf5 Rxf5 23. f3 a6 24. Bc5 Re5 25. Rxe5 Bxe5 26. h3 Re8 27. Kf1 Kf7 28. a4 Kf6 29. Re1 Re6 30. Bf2 h5 31. h4 b5 32. axb5 axb5 33. Ra1 Rd6 34. Bc5 Rd7 35. Ra6 Rc7 36. Ke2 Bg3 37. Bf2 1/2-1/2